Dvojčata na stopě. Záhada v muzeu /

Main Author: Hendrych, Josef
Other Authors: Fencl, Bohumil, 1967-
Language: Czech
Published: Praha : Fragment, 2016
Edition: 1. vydání
Physical Description: 93 stran : ilustrace ; 22 cm
Book
Saved in:
LEADER 01783nam a2200505 i 4500
001 nkc20162798208
003 CZ PrNK
005 20160613142404.0
007 ta
008 160512s2016 xr a c 000 j cze
015 |a cnb002798208 
020 |a 978-80-253-2775-3  |q (vázáno) 
035 |a (OCoLC)953516283 
040 |a BOA001  |b cze  |d OLA001  |e rda 
072 7 |a 821.162.3-3  |x Česká próza  |2 Konspekt  |9 25 
072 7 |a 821-93  |x Literatura pro děti a mládež (beletrie)  |2 Konspekt  |9 26 
080 |a 821.162.3-32  |2 MRF 
080 |a 821-93  |2 MRF 
080 |a (0:82-322.4)  |2 MRF 
080 |a (0.05)793.7  |2 MRF 
100 1 |a Hendrych, Josef  |7 kv2016917501  |4 aut 
245 1 0 |a Dvojčata na stopě.  |p Záhada v muzeu /  |c Josef Hendrych ; ilustroval Bohumil Fencl 
246 1 |i Název v tiráži:  |a Dvojčata na stopě - záhada v muzeu 
246 3 0 |a Záhada v muzeu 
250 |a 1. vydání 
264 1 |a Praha :  |b Fragment,  |c 2016 
300 |a 93 stran :  |b ilustrace ;  |c 22 cm 
336 |a text  |b txt  |2 rdacontent 
337 |a bez média  |b n  |2 rdamedia 
338 |a svazek  |b nc  |2 rdacarrier 
655 7 |a české příběhy  |7 fd133973  |2 czenas 
655 7 |a detektivní příběhy  |7 fd132009  |2 czenas 
655 7 |a čtenářské hry  |7 fd133978  |2 czenas 
655 7 |a publikace pro děti  |7 fd133156  |2 czenas 
655 9 |a Czech stories  |2 eczenas 
655 9 |a detective stories  |2 eczenas 
655 9 |a literary recreations  |2 eczenas 
655 9 |a children's literature  |2 eczenas 
700 1 |a Fencl, Bohumil,  |d 1967-  |7 jx20040625011  |4 ill 
910 2 |a BOA001  |b 2-1366.670 
928 9 |a Albatros Media - Fragment 
990 |a BK 
995 |a 01 
991 |b 201605  |c NOV 
996 6 |b 2610670457  |c 2-1366.670  |l MZK  |r Sklad / do 1 hodiny  |n 0  |p p.v.  |w 001561498  |u 000010  |a 1  |e BOA001  |j MZK50  |s P